MARC-Details
| 000 -LEADER |
| fixed length control field |
01826cam a2200445 cc4500 |
| 001 - CONTROL NUMBER |
| control field |
1019634383 |
| 003 - CONTROL NUMBER IDENTIFIER |
| control field |
DE-627 |
| 005 - DATE AND TIME OF LATEST TRANSACTION |
| control field |
20260212134956.0 |
| 007 - PHYSICAL DESCRIPTION FIXED FIELD--GENERAL INFORMATION |
| fixed length control field |
tu |
| 008 - FIXED-LENGTH DATA ELEMENTS--GENERAL INFORMATION |
| fixed length control field |
180425s2018 gw ||||| 6 00| ||ger c |
| 015 ## - NATIONAL BIBLIOGRAPHY NUMBER |
| National bibliography number |
18,N17 |
| Source |
dnb |
| 016 7# - NATIONAL BIBLIOGRAPHIC AGENCY CONTROL NUMBER |
| Record control number |
1156401585 |
| Source |
DE-101 |
| 020 ## - INTERNATIONAL STANDARD BOOK NUMBER |
| International Standard Book Number |
355179944X |
| Terms of availability |
: (Großtaschenbuch : EUR 6.95 (DE), EUR 7.20 (AT), CHF 10.50 (freier Preis)) |
| 020 ## - INTERNATIONAL STANDARD BOOK NUMBER |
| International Standard Book Number |
9783551799449 |
| Terms of availability |
: (Großtaschenbuch : EUR 6.95 (DE), EUR 7.20 (AT), CHF 10.50 (freier Preis)) |
| 024 3# - OTHER STANDARD IDENTIFIER |
| Standard number or code |
9783551799449 |
| 035 ## - SYSTEM CONTROL NUMBER |
| System control number |
(DE-627)1019634383 |
| 035 ## - SYSTEM CONTROL NUMBER |
| System control number |
(DE-599)DNB1156401585 |
| 040 ## - CATALOGING SOURCE |
| Original cataloging agency |
DE-627 |
| Language of cataloging |
ger |
| Transcribing agency |
DE-627 |
| Description conventions |
rda |
| 041 ## - LANGUAGE CODE |
| Language code of text/sound track or separate title |
ger |
| 044 ## - COUNTRY OF PUBLISHING/PRODUCING ENTITY CODE |
| ISO country code |
XA-DE-HH |
| 082 04 - DEWEY DECIMAL CLASSIFICATION NUMBER |
| Classification number |
741.5 |
| Assigning agency |
DE-101 |
| 100 1# - MAIN ENTRY--PERSONAL NAME |
| Personal name |
Isayama, Hajime |
| Dates associated with a name |
1986- |
| Relator term |
VerfasserIn |
| -- |
KünstlerIn |
| Authority record control number or standard number |
(DE-588)1063396298 |
| -- |
(DE-627)812369246 |
| -- |
(DE-576)422791458 |
| Relationship |
aut |
| -- |
art |
| 245 10 - TITLE STATEMENT |
| Title |
Attack on Titan |
| Number of part/section of a work |
24 |
| Statement of responsibility, etc. |
Hajime Isayama ; aus dem Japanischen von Claudia Peter |
| 250 ## - EDITION STATEMENT |
| Edition statement |
1. Aufl. |
| 264 #1 - PRODUCTION, PUBLICATION, DISTRIBUTION, MANUFACTURE, AND COPYRIGHT NOTICE |
| Place of production, publication, distribution, manufacture |
Hamburg |
| Name of producer, publisher, distributor, manufacturer |
Carlsen Verlag GmbH |
| Date of production, publication, distribution, manufacture, or copyright notice |
18 |
| 300 ## - PHYSICAL DESCRIPTION |
| Extent |
circa 192 ungezählte Seiten |
| Dimensions |
18 cm x 12.5 cm |
| 336 ## - CONTENT TYPE |
| Content type term |
Text |
| Content type code |
txt |
| Source |
rdacontent |
| 336 ## - CONTENT TYPE |
| Content type term |
unbewegtes Bild |
| Content type code |
sti |
| Source |
rdacontent |
| 337 ## - MEDIA TYPE |
| Media type term |
ohne Hilfsmittel zu benutzen |
| Media type code |
n |
| Source |
rdamedia |
| 338 ## - CARRIER TYPE |
| Carrier type term |
Band |
| Carrier type code |
nc |
| Source |
rdacarrier |
| 490 0# - SERIES STATEMENT |
| Series statement |
Carlsen Manga! |
| 490 0# - SERIES STATEMENT |
| Series statement |
Action |
| 655 #7 - INDEX TERM--GENRE/FORM |
| Genre/form data or focus term |
Comic |
| Authority record control number or standard number |
(DE-588)4010427-8 |
| -- |
(DE-627)104377402 |
| -- |
(DE-576)208887989 |
| Source of term |
gnd-content |
| 951 ## - EQUIVALENCE OR CROSS-REFERENCE--GEOGRAPHIC NAME/AREA NAME [OBSOLETE] [CAN/MARC only] |
| Geographic name |
MV |
| 700 1# - ADDED ENTRY--PERSONAL NAME |
| Personal name |
Peter, Claudia |
| Relator term |
ÜbersetzerIn |
| Relationship |
trl |
| 710 2# - ADDED ENTRY--CORPORATE NAME |
| Corporate name or jurisdiction name as entry element |
Carlsen Verlag |
| Relator term |
Verlag |
| Authority record control number or standard number |
(DE-588)2036434-9 |
| -- |
(DE-627)10257796X |
| -- |
(DE-576)191872857 |
| Relationship |
pbl |
| 773 18 - HOST ITEM ENTRY |
| Record control number |
(DE-627)780602919 |
| -- |
(DE-576)9780602917 |
| Related parts |
24 |
| Enumeration and first page |
24.2018 |
| Control subfield |
nnam |
| 856 42 - ELECTRONIC LOCATION AND ACCESS |
| Uniform Resource Identifier |
<a href="http://deposit.dnb.de/cgi-bin/dokserv?id=69c276cbd1154f4a9b2a433de70f0c67&prov=M&dok_var=1&dok_ext=htm">http://deposit.dnb.de/cgi-bin/dokserv?id=69c276cbd1154f4a9b2a433de70f0c67&prov=M&dok_var=1&dok_ext=htm</a> |
| Contact for access assistance |
X: MVB |
| Electronic format type |
text/html |
| Hours access method available |
2018-04-25 |
| Materials specified |
Inhaltstext |
| Access status |
1 |
| 942 ## - ADDED ENTRY ELEMENTS (KOHA) |
| Source of classification or shelving scheme |
Dewey Decimal Classification |
| Koha item type |
Manga |
| Suppress in OPAC |
No |